Banderas Nacionales en la Bandera Islandesa - Estadísticas

Estadísticas generales
  • Esta prueba ha sido intentada 55 veces
  • La puntuación promedio es 5 de 8
Estadísticas de respuestas
País % Correcto
Francia
83%
Polonia
80%
Mónaco
78%
Indonesia
76%
Países Bajos
70%
Costa Rica
63%
Paraguay
22%
San Marino
17%
No se encontraron pruebas coincidentes
Distribución de puntuación
Porcentaje de gente con cada puntuación
Porcentaje por número respondido
Historial de tus puntuaciones
No has intentado esta prueba.